000 00379cam a22001337a 4500
008 180718b2005 xxu||||| |||| 00| 0 eng d
020 _a0195672151
082 _aA6x54 N738
100 _aNoorani, A.G.
245 _aIndian political trials, 1775-1947
_cby A.G. Noorani
260 _aNew Delhi
_bOxford Univ. Press
_c2005
300 _a316p.
650 _aIndia - History - 1775-1947
999 _c403633
_d403633